Underground tank leak detection methods : a state-of-the-art review /

Bibliographic Details
Main Author: Niaki, Shahzad
Corporate Authors: Hazardous Waste Engineering Research Laboratory, IT Corporation
Other Authors: Broscious, John A.
Format: Government Document Book
Language:English
Published: Cincinnati, OH : U.S. Environmental Protection Agency, Hazardous Waste Engineering Research Laboratory, Office of Research and Development, 1986.
Subjects:

MARC

Tag First Indicator Second Indicator Subfields
LEADER 00000cam a2200000 a 4500
001 in00000864421
005 20151019090624.0
008 860320s1986 ohua b f00010 eng d
010 |a gp 87011034  
035 |a (OCoLC)13355239 
035 |9 AEF9587AM 
040 |a TVA  |c TVA  |d GPO  |d UtOrBLW 
043 |a n-us--- 
074 |a 431-I-12 (microfiche) 
086 0 |a EP 1.23/2:600/2-86/001 
088 |a EPA/600/2-86/001 
092 |a 363.17  |b N57u 
100 1 |a Niaki, Shahzad. 
245 1 0 |a Underground tank leak detection methods :  |b a state-of-the-art review /  |c by Shahzad Niaki and John A. Broscious. 
264 1 |a Cincinnati, OH :  |b U.S. Environmental Protection Agency, Hazardous Waste Engineering Research Laboratory, Office of Research and Development,  |c 1986. 
300 |a xiii, 121, 3 pages :  |b illustrations ;  |c 28 cm. 
336 |a text  |b txt  |2 rdacontent 
337 |a unmediated  |b n  |2 rdamedia 
338 |a volume  |b nc  |2 rdacarrier 
500 |a Distributed to depository libraries in microfiche. 
500 |a "January 1986." 
504 |a Bibliography: pages 118-121. 
500 |a "EPA/600/2-86/001." 
500 |a "Funded wholly or in part by the United States Environmental Protection Agency under Contract number 68-03-3069 to IT Corporation"--P. ii. 
650 0 |a Hazardous substances  |z United States  |x Storage. 
650 0 |a Storage tanks  |z United States. 
650 0 |a Leak detectors. 
700 1 |a Broscious, John A. 
710 2 |a Hazardous Waste Engineering Research Laboratory. 
710 2 |a IT Corporation. 
999 |a MARS 
999 f f |s d41f32dd-8e51-37d5-b4e7-a98f345321ce  |i bacb9c39-92a2-3cef-ab41-1ec1e1bcd12b  |t 0 
952 f f |p normal  |a Texas A&M University  |b College Station  |c Sterling C. Evans Library  |d Evans: US Documents Microfiche (3rd floor)  |t 0  |e EP 1.23/2:600/2-86/001  |h Superintendent of Documents classification  |i unmediated -- volume  |m A14838265453 
998 f f |a EP 1.23/2:600/2-86/001  |t 0  |l Evans: US Documents Microfiche (3rd floor)